| 000 | 00506nam a2200193 i 4500 | ||
|---|---|---|---|
| 001 | bg | ||
| 245 | 1 | 0 |
_aWstęp do fotobiologii : _bpraca zbiorowa / _cpod red. Carla P. Swansona. |
| 260 |
_aWarszawa : _bPZWiL, _c1972. |
||
| 650 | 9 |
_aBiochemia _xzagadnienia |
|
| 650 | 9 |
_aBiofizyka _xzagadnienia |
|
| 650 | 9 | _aŚwiatło | |
| 650 | 9 | _aFotosynteza | |
| 700 | 1 | _aSWANSON, Carl P. | |
| 040 | _cBPK | ||
| 041 | 1 |
_apol _heng |
|
| 080 | _a577:535 | ||
| 942 | _cKS | ||
| 008 | s pl f |000 0 pol | ||
| 999 |
_c35584 _d35584 |
||
| 856 |
_uhttp://koha.tu.koszalin.pl/cgi-bin/koha/opac-detail.pl?biblionumber=35584 _yKatalog online BPK |
||